Topología de la violencia.

En este ensayo, Han profundiza su análisis de la sociedad del cansancio y de la transparencia, buscando sacar a la luz las nuevas formas de violencia que se ocultan tras el exceso de positividad. Hay cosas que nunca desaparecen. Entre ellas se cuenta la violencia. Su forma de aparición varía según l...

Descripció completa

Guardat en:
Dades bibliogràfiques
Autor principal: Han, Byung-Chul (autor)
Format: Llibre
Idioma:espanyol
Publicat: Barcelona, España: Herder Editorial, 2016.
Edició:1a. ed
Col·lecció:Colección Pensamiento Herder
Matèries:
Accés en línia:Disponible Online
Etiquetes: Afegir etiqueta
Sense etiquetes, Sigues el primer a etiquetar aquest registre!

MARC

LEADER 00000cam a2200000 a 4500
001 UCC2592
003 CL-VaPUC
005 20250410155652.0
008 180309e20160000sp |||||||||||||||||spa|d
999 |c 370654  |d 370652 
020 |a 9788425434174 
020 |a 9788425434181  |q (electronic bk.) 
020 |a 8425434181  |q (electronic bk.) 
040 |c Pontificia Universidad Católica de Valparaíso 
082 0 4 |a 303.62  |b HAN  |2 21 
100 |a Han, Byung-Chul  |e autor  |9 863113 
245 1 0 |a Topología de la violencia. 
250 |a 1a. ed 
260 |a Barcelona, España:  |b Herder Editorial,  |c 2016. 
300 |a 197 páginas.  
490 0 |a Colección Pensamiento Herder 
500 |a e-book Instituto Arcos 8-1-2025. 
520 |a En este ensayo, Han profundiza su análisis de la sociedad del cansancio y de la transparencia, buscando sacar a la luz las nuevas formas de violencia que se ocultan tras el exceso de positividad. Hay cosas que nunca desaparecen. Entre ellas se cuenta la violencia. Su forma de aparición varía según la constelación social. En la actualidad, la violencia ha mutado de visible en invisible, de frontal en viral, de directa en mediada, de real en virtual, de física en psíquica, de negativa en positiva, y se retira a espacios subcomunicativos y neuronales, de manera que puede dar la impresión de que ha desaparecido. Pero la violencia se mantiene constante. Simplemente se traslada al interior. La decapitación en la sociedad de la soberanía, la deformación en la sociedad disciplinaria y la depresión en la sociedad del rendimiento son estadios de la transformación topológica de la violencia. 
583 |a last modification  |c 20181217 10:25:16  |k Rodrigo Vera 
590 |a Added to collection customer.56279.3 - Master record variable field(s) change: 050, 072, 082, 650 
650 0 |a Psicología social   |9 222894 
650 0 |a Violencia  |9 255411 
650 0 |a Sociología   |9 255410 
655 4 |a Electronic books.  |9 870841 
856 4 0 |u https://pucv.idm.oclc.org/login?url=https://search.ebscohost.com/login.aspx?direct=true&scope=site&db=nlebk&db=nlabk&AN=1544603  |y Disponible Online  |3 EBSCOhost 
942 |c BK  |2 ddc 
945 |d 20180309 22:06:00  |a arojas 
952 |0 0  |1 0  |3 erb  |4 0  |6 303_620000000000000_HAN_2016  |7 0  |8 A  |9 487225  |a BIBTEO  |b BIBTEO  |i 5453402  |o 303.62 HAN 2016  |p 5453402  |r 2025-01-17  |w 2019-11-24  |y BK  |z Catalogado en:20180309  |k ICR 
952 |0 0  |1 0  |3 erb  |4 0  |6 303_620000000000000_HAN_2016  |7 0  |8 A  |9 487226  |a BIBGIM  |b BIBGIM  |i 5524067  |l 2  |m 2  |o 303.62 HAN 2016  |p 5524067  |r 2025-01-15  |s 2023-06-06  |w 2019-11-24  |y BK  |z Catalogado en:20181220  |k COM 
952 |0 0  |1 0  |3 erb  |4 0  |6 303_620000000000000_HAN_2016  |7 0  |8 A  |9 487227  |a BIBTEO  |b BIBTEO  |d 2019-08-13  |e 8  |g 13299.00  |i 5559235  |l 1  |m 2  |o 303.62 HAN 2016  |p 5559235  |r 2025-01-17  |s 2023-10-06  |v 13299.00  |w 2019-11-24  |y BK  |z Catalogado en:20190814  |k ICR 
952 |0 0  |1 0  |2 ddc  |4 0  |6 303_620000000000000_HAN  |7 5  |8 A  |9 602402  |a BIBINC  |b BIBINC  |c ONLINE  |d 2025-04-10  |e Instituto Arcos   |i 370654  |o 303.62 HAN  |p 370654  |r 2025-04-10  |w 2025-04-10  |y EBK  |k IFP